|
|
|
|
| LEADER |
00000nam a2200000 4500 |
| 001 |
vtls012236060 |
| 003 |
SK-MaSNL |
| 005 |
20260301032851.0 |
| 007 |
co cg auuua |
| 008 |
230801s2022 xo odalfsn 100 0 slo |
| 020 |
|
|
|a 9788022752473
|q (elektronická kniha)
|
| 040 |
|
|
|a SNK
|b slo
|c SNK
|e rda
|
| 041 |
0 |
|
|a slo
|
| 044 |
|
|
|a xo
|c SK
|
| 072 |
|
7 |
|a 621
|x Strojárstvo
|2 konspekt
|
| 080 |
|
|
|a 621
|2 2011
|
| 080 |
|
|
|a (062.534)
|2 2011
|
| 080 |
|
|
|a (0.034.44)
|2 2011
|
| 080 |
|
|
|a 658.5-025.21
|2 2011
|
| 080 |
|
|
|a 62:005.83
|2 2011
|
| 080 |
|
|
|a (0.034.2)
|2 2011
|
| 111 |
2 |
|
|a Vývoj výrobných systémov a technológií
|d (2022 :
|c Bratislava, Slovensko)
|4 aut
|9 330944
|
| 245 |
1 |
0 |
|a Vývoj výrobných systémov a technológií
|b zborník z vedeckých článkov z konferencie : Bratislava - 29.11.2022
|c editor: Marko Bednárik, Juraj Beniak
|
| 264 |
|
1 |
|a V Bratislave
|b SPEKTRUM STU
|c 2022
|
| 300 |
|
|
|a 1 CD-ROM
|c 12 cm
|
| 336 |
|
|
|a text
|b txt
|2 rdacontent
|
| 337 |
|
|
|a počítač
|b c
|2 rdamedia
|
| 338 |
|
|
|a počítačový disk
|b cd
|2 rdacarrier
|
| 347 |
|
|
|a textový súbor
|b PDF
|c 13,2 MB
|2 rda
|
| 500 |
|
|
|a Názov z titulnej obrazovky
|
| 500 |
|
|
|a Vydala Slovenská technická univerzita v Bratislave vo Vydavateľstve SPEKTRUM STU
|
| 500 |
|
|
|a Nad názvom: Slovenská technická univerzita v Bratislave, Strojnícka fakulta
|
| 504 |
|
|
|a Obsahuje bibliografiu za jednotlivými príspevkami
|
| 650 |
0 |
7 |
|a strojárstvo
|2 SNKPH
|9 674
|
| 650 |
0 |
7 |
|a výrobné systémy
|2 SNKPH
|9 29111
|
| 650 |
0 |
7 |
|a výrobné technológie
|2 SNKPH
|9 4198
|
| 650 |
0 |
7 |
|a Manufacturing technology
|2 SNKPHeng
|9 265634
|
| 650 |
0 |
7 |
|a Mechanical engineering
|2 SNKPHeng
|9 275771
|
| 650 |
0 |
7 |
|a Manufacturing systems
|2 SNKPHeng
|9 275577
|
| 655 |
|
7 |
|a zborníky konferencií
|2 SNKPH
|9 70153
|
| 655 |
|
7 |
|a CD-ROM
|2 SNKPH
|9 70236
|
| 655 |
|
7 |
|a Electronic resources
|2 SNKPHeng
|9 175546
|
| 655 |
|
7 |
|a elektronické zdroje
|2 SNKPH
|9 90954
|
| 655 |
|
7 |
|a Proceedings of conferences
|2 SNKPHeng
|9 265791
|
| 700 |
1 |
|
|a Bednárik, Marko,
|d 1996-
|4 edt
|9 330945
|
| 700 |
1 |
|
|a Beniak, Juraj,
|d 1974-
|4 edt
|9 160112
|
| 710 |
2 |
|
|a Slovenská technická univerzita v Bratislave.
|b Strojnícka fakulta
|4 pbl
|9 176081
|
| 752 |
|
|
|a Slovensko
|d Bratislava
|
| 852 |
|
|
|a Štátna vedecká knižnica v Banskej Bystrici
|
| 919 |
|
|
|a 978-80-227-5247-3
|
| 958 |
|
|
|a NB
|
| 999 |
|
|
|c 579114
|d 581044
|
| 952 |
|
|
|a SNK
|b SNK
|y NEVYP
|7 1
|p 17A1573554
|o snkSCDM 13691
|i snk2025/7223
|8 0
|0 0
|1 0
|4 0
|d 2025-04-30
|l 0
|r 2026-02-23 14:45:10
|w 2026-02-23
|